Top 15 des meilleurs milieux de terrain au 21e siècle d'après Canal+ - Statistiques

Statistiques générales
  • Ce quiz a été pris 87 fois
  • Le résultat moyen est 12 sur 15
Statistiques - réponses
Classement Nationalité Joueurs % Correct
2 Espagne Andres Iniesta
100%
4 Croatie Luka Modric
100%
3 Espagne Xavi
100%
1 France Zinedine Zidane
100%
9 Belgique Kevin De Bruyne
91%
5 Italie Andrea Pirlo
90%
15 Côte d'Ivoire Yaya Touré
86%
14 Angleterre Frank Lampard
80%
10 Allemagne Toni Kroos
80%
8 Angleterre Steven Gerrard
78%
11 Espagne Sergio Busquets
76%
6 Portugal Luís Figo
67%
7 Brésil Kaka
58%
12 Angleterre David Beckham
52%
13 France Patrick Viera
18%
Aucun quiz correspondant
Distribution des résultats
% des personnes avec chaque résultat
Percentile par nombre de réponses
Votre historique - résultats
Vous n’avez pas pris ce quiz